Milko: Rómsky problém musí riešiť aj vláda! predčasné voľby v Kameňanoch a Jelšave nechce

Bibliographic Details
Main Author: Krausová, Stela (Author)
Format: Article
Language:Slovak
PhysicalDescription:Fotogr.
ISSN:1335-7581
Subjects:

MARC

LEADER 00000nab a2200000 a 4500
001 vtls010064314
003 SK-MaSNL
005 20260305034152.0
008 100212c20100211xo dr| 0 0slo
038 |a RVGKPD 
040 |a RVGKPD  |b slo  |c RVGKPD  |e AACR2 
041 |a slo 
044 |a xo  |c SK 
080 |a 353.2  |2 1997 
100 1 |a Krausová, Stela  |4 aut  |9 268152 
245 1 0 |a Milko: Rómsky problém musí riešiť aj vláda!  |b predčasné voľby v Kameňanoch a Jelšave nechce  |c Stela Krausová 
300 |b Fotogr. 
600 1 7 |a Milko, Gejza,  |d 1973-  |2 rvgkpd  |9 1615316 
610 2 7 |a Košický samosprávny kraj (Slovensko).  |b Úrad  |2 rvgkpd  |9 30611 
650 0 7 |a poslanci  |2 rvgkpd  |9 1797 
651 7 |a Gemerská Hôrka (Slovensko)  |2 rvgkpd  |9 26359 
651 7 |a Rožňava (Slovensko : okres)  |2 rvgkpd  |9 19215 
773 0 |t Gemerský korzár  |g Roč. XII, č. 34 (11.2.2010), s. 1, 2  |x 1335-7581 
852 |a RVGKPD  |b KIS3G 
992 |a RBX 
999 |c 3328197  |d 3330127